| 000 | 00612cab a2200217 4500 | ||
|---|---|---|---|
| 001 | WB3220-35 | ||
| 008 | 090401t1996 xxu||||| |||| 00| 0 eng d | ||
| 035 | _a(Sirsi) u8293 | ||
| 041 | _aeng | ||
| 245 | _aLimitations on HA tenant members | ||
| 260 | _c1996 | ||
| 350 | _a0 | ||
| 490 |
_aHA Weekly _v(460) 17 May 1996, 9(1) |
||
| 520 | _aThe Registrar of Friendly Societies is to restrict tenant membership of housing associations to 25%. | ||
| 650 | _aHOUSING ASSOCIATIONS | ||
| 650 | _aREGISTRAR OF FRIENDLY SOCIETIES | ||
| 650 | _aTENANTS | ||
| 690 | _aHOUSING | ||
| 942 | _n0 | ||
| 948 | _c04/03/1997 | ||
| 999 |
_c5084 _d5084 |
||